| 000 | 03645nam a22002297a 4500 | ||
|---|---|---|---|
| 003 | GR-AtMCL | ||
| 005 | 20251105103019.0 | ||
| 006 | a|||||r||||||||||| | ||
| 008 | t||||||||gr |||g ||| 000 gre|| | ||
| 020 | _a9789606052309 | ||
| 040 |
_aGR-AtMCL _bgre _dGR-AtMCL _eAACR2 |
||
| 041 | 1 | _heng | |
| 245 | 0 | 0 |
_aΙούλιος Καίσαρας : _bη τέχνη της ηγεσίας : σύγχρονα διδάγματα από τον άνθρωπο που έχτισε μια αυτοκρατορία / _cPhillip Barlag ; μετάφραση Χρήστος Μπαρουξής |
| 260 |
_aΑθήνα : _bΔιόπτρα, _c2017 |
||
| 300 |
_a173 σ. _c18 εκ. |
||
| 500 | _aΤίτλος πρωτοτύπου: The leadership genius of Julius Caesar : modern lessons from the man who built an empire | ||
| 520 | _aΟι αληθινοί ηγέτες προσπαθούν πάντα να γίνουν καλύτεροι. Ο Ιούλιος Καίσαρας είναι ένας από τους πιο συναρπαστικούς ηγέτες του παρελθόντος που μπορούμε να μελετήσουμε. Η προσέγγισή του παραμένει εξαιρετικά επίκαιρη και αποτελεσματική ακόμη και στις μέρες μας. Η Ιστορία είναι γεμάτη με ηγέτες που ήταν εντελώς αποκομμένοι από τον λαό και επιδίωκαν με κάθε κόστος τις προσωπικές τους φιλοδοξίες. Όμως, ο Καίσαρας, ξεκινώντας από χαμηλά, απέδειξε με τα λόγια και τις πράξεις του ότι δεν θεώρησε ποτέ τον εαυτό του ανώτερο από τον μέσο Ρωμαίο πολίτη. Και είχε μια εκπληκτική ικανότητα να κερδίζει την αφοσίωση των άλλων, να μετατρέπει τους εχθρούς σε συμμάχους και τους συμμάχους σε πιστούς ακολούθους. Ο Barlag χρησιμοποιεί δραματικά και γλαφυρά περιστατικά από τη ζωή του Καίσαρα –όρμησε μόνος του ενάντια σε ολόκληρο στρατό, και έδωσε χάρη σε άτομα που γνώριζε ότι ήθελαν να τον σκοτώσουν– για να μας δείξει πόσα μπορεί να διδάξει ο Καίσαρας στους σύγχρονους ηγέτες. Κεντρικό ρόλο στο επιχείρημα του Barlag κατέχει η διάκριση μεταξύ ισχύος και εξαναγκασμού. Ο Καίσαρας απέφευγε να χρησιμοποιεί ωμή βία γιατί κατανοούσε ότι ο φόβος δεν γεννούσε ποτέ πραγματική αφοσίωση. Αντίθετα χρησιμοποιούσε την προσωπική του ισχύ που πήγαζε από την αξιοπιστία του και όσοι τον ακολουθούσαν το έκαναν με τη θέλησή τους και όχι επειδή εξαναγκάστηκαν. Δύο χιλιάδες και πλέον χρόνια μετά τον θάνατο του Καίσαρα, αυτό παραμένει το είδος της αφοσίωσης που οφείλει να εμπνέει κάθε ηγέτης. | ||
| 650 | 0 |
_aΔιοίκηση Επιχειρήσεων _99939 |
|
| 700 |
_aBarlag, Phillip _910138 |
||
| 942 | _cBK | ||
| 999 |
_c9949 _d9949 |
||